| 000 | 00915nam a22002297a 4500 | ||
|---|---|---|---|
| 005 | 20100819155220.0 | ||
| 010 | _aENG-100972 | ||
| 020 |
_a9788124114865 _c395.00 |
||
| 035 | _aEN-84505 | ||
| 037 | _bDBAD/PUB | ||
| 082 | _a364.1680954 | ||
| 100 |
_aSwamy, Subramanian _915315 |
||
| 245 |
_aCorruption and corporate governance in India : _bsatyam, spectrum and sundaram / _cby Subramanian Swamy |
||
| 260 |
_aNew Delhi _bHar-Anand Publications _c2009 |
||
| 270 |
_aE-49/3, Okhla Industrial Area, Phase-II _bNew Delhi _e110020 |
||
| 300 |
_a180p. _c22cm (Hb) |
||
| 500 | _aIncludes index | ||
| 650 |
_aCorporate governance _915316 |
||
| 650 |
_aCorporations-Corruption practices _vCorruption _zIndia _915317 |
||
| 942 |
_2ddc _cEN _h364.1680954 _mSWA |
||
| 999 |
_c42608 _d42608 |
||